[Event "Druzynowe Mistrzostwa Polski w Szachach I LIGA 2021"]
[Site "Szklarska Poreba"]
[Date "1899-12-30"]
[Round "9.78"]
[White "Czarniecka, Aleksandra"]
[Black "Debowiak, Arleta"]
[Result "1/2-1/2"]
[WhiteTitle "m"]
[BlackTitle "k+"]
[WhiteElo "2021"]
[BlackElo "1898"]

1. e4 d6 2. d4 Nf6 3. Nc3 g6 4. f4 Bg7 5. Nf3 O-O 6. Bd3 Na6 7. O-O c5 8. d5 Bg4
9. h3 Bxf3 10. Qxf3 Nc7 11. Bc4 a6 12. a4 b6 13. Qe2 Qc8 14. Bd2 e6 15. Rae1 exd5
16. Nxd5 Nfxd5 17. Bxd5 Nxd5 18. exd5 Qd7 19. a5 bxa5 20. Bxa5 Qb5 21. Bc7 c4
22. Kh1 Qxd5 23. Rd1 Qb5 24. Bxd6 Rfe8 25. Qf2 Qxb2 26. Be5 Qb7 27. Bxg7 Kxg7
28. Qd4+ Kg8 29. Qxc4 Re4 30. Qd3 1/2-1/2